| 000 | 00959nas a2200325 4500 | ||
|---|---|---|---|
| 001 | BR2017001217 | ||
| 003 | BR-BrBNA | ||
| 005 | 20231205130924.0 | ||
| 007 | ta | ||
| 008 | 230509b bl.|||p| |||| 00| 00por d | ||
| 040 |
_aBR-BrBNA _bpor _cBiblioteca Nacional de Agricultura |
||
| 041 | _a(Pt) | ||
| 072 | _aF40 | ||
| 100 | 1 | _aSchmidt, D. | |
| 100 | 1 | _aZamban, D.T. | |
| 100 | 1 | _aProchnow, D. | |
| 100 | 1 | _aCaron, B.O. | |
| 100 | 1 | _aSouza, V.Q. | |
| 100 | 1 | _aPaula, G.M. | |
| 100 | 1 | _aCocco, C. | |
| 245 | 1 | _aCaracterização fenológica, filocrono e requerimento térmico de tomateiro italiano em dois ciclos de cultivo | |
| 650 | _aTOMATE | ||
| 650 | _aVARIEDADE | ||
| 650 | _aFENOLOGIA | ||
| 650 | _aCONDIÇÃO AMBIENTAL | ||
| 650 | _aTEMPERATURA | ||
| 773 | 0 |
_tHorticultura Brasileira (Brazil) _xISSN 0102-0536 _g(Jan-Mar 2017), v. 35(1) p. 89-96 _wBR2017001217 |
|
| 909 |
_a202311 _bLúcia _c55 _dLúcia Elande |
||
| 942 |
_2AGRIS _n0 _cANA |
||
| 999 |
_c252060 _d252060 |
||